| 000 | 00000nas 2200000za 4500 |
| 001 | 9.503231 |
| 003 | CaOODSP |
| 005 | 20221107133233 |
| 007 | cr ||||||||||| |
| 008 | 150406d19691972onchr p o f0 |0fre|d |
| 040 | |aCaOODSP|bfre |
| 043 | |an-cn--- |
| 086 | 1 |aIN3-19F-PDF |
| 110 | 1 |aCanada.|bDépartement des assurances. |
| 245 | 10|aRégime de pensions du Canada, rapport actuariel au ... |h[ressource électronique]. |
| 260 | |aOttawa : |bDépartement des assurances, |c1969-[1972] |
| 310 | |aTriennal. |
| 362 | 0 |a1969-[1972] |
| 500 | |aPubl. aussi en anglais sous le titre : Canada Pension Plan, actuarial report as at ... |
| 691 | 07|aPension publique|2gcpds |
| 775 | 08|tCanada Pension Plan, actuarial report as at ... |w(CaOODSP)9.506835 |
| 785 | 00|tRégime de pensions du Canada ... rapport actuariel statutaire au ... |w(CaOODSP)9.503237 |